| 000 | 00367nam a2200145 a 4500 | ||
|---|---|---|---|
| 005 | 20140310183244.0 | ||
| 008 | 050111s19uu xx 00 eng d | ||
| 050 |
_aHF 5718.5 _b.Sa26 2004 |
||
| 100 | _aSant, Tom | ||
| 245 | _aPersuasive business proposals/. | ||
| 521 | _aBSBA | ||
| 650 | _aProposal writing in business. | ||
| 942 |
_cBK _2lcc _kFOR |
||
| 999 |
_c20665 _d20665 |
||